| 000 | 01597nam a2200277Ia 4500 | ||
|---|---|---|---|
| 999 |
_c55001 _d55001 |
||
| 001 | 22072 | ||
| 003 | GE_BSU | ||
| 005 | 20221013113649.0 | ||
| 008 | 181216s2016||||ge |||||||||||||| ||geo|| | ||
| 020 | _a9789941135651 | ||
| 040 | _cGE_BSU | ||
| 041 | _ageo | ||
| 080 | _a811.411.21(075.8) ე-99 | ||
| 100 |
_aეჯიბაძე, ნინო _915319 |
||
| 245 |
_aთანამედროვე არაბული ენა : _b სახელმძღვანელო / _cნინო ეჯიბაძე ; აპოლონ სილაგაძის რედაქტორობით. |
||
| 264 |
_aთბილისი : _bთბილ. სახელმწ. უნ-ტი, _c2016. |
||
| 300 |
_a[218] გვ. ; _c25 სმ. |
||
| 541 | _h10ლ.90თ. | ||
| 546 | _aდამატებითი სატიტულო გვერდი ინგლისურ ენაზე | ||
| 653 | _aარაბული ენა | ||
| 653 | _aარაბული ენა -- სახელმძღვანელო | ||
| 653 | _aთანამედროვე არაბული ენა | ||
| 700 |
_aსილაგაძე, აპოლონ _eრედაქტორი _92412 |
||
| 710 |
_aივანე ჯავახიშვილის სახელობის თბილისის სახელმწიფო უნივერსიტეტი _bაღმოსავლეთმცოდნეობის სასწავლო - სამეცნიერო ინსტიტუტი _915320 |
||
| 942 |
_cBK _2udc |
||